000 00425cam a2200169ua 4500
020 _c2.00
041 _amal
_h
082 _a894.8124
_bSAN/GA
100 _aSankaraKurup, G.
245 _aGadhyopaharam /
_cG Sankarakurup.
_hTextual Documents
260 _aKottayam :
_bSahitya Pravarthaka Co-operative Society ,
_c1964.
300 _a164 ; .
365 _a2.00
504 _a
942 _cBK
999 _c5801
_d5801